The impact of HIV/AIDS on livelihoods, poverty and the economy of Malawi (Record no. 76420)

MARC details
000 -LEADER
fixed length control field 01339nam a2200241 a 4500
008 - FIXED-LENGTH DATA ELEMENTS--GENERAL INFORMATION
fixed length control field 110112s2006 ||||||||||||||||| || u
020 ## - INTERNATIONAL STANDARD BOOK NUMBER
International Standard Book Number 9158682597
022 ## -
-- 14049562
050 ## - LIBRARY OF CONGRESS CALL NUMBER
Classification number RA 644.A25 Imp
100 ## - MAIN ENTRY--PERSONAL NAME
Personal name Arrehag, Lisa
245 14 - TITLE STATEMENT
Title The impact of HIV/AIDS on livelihoods, poverty and the economy of Malawi
Statement of responsibility, etc. Lisa Arrehag...[and others]
260 ## - PUBLICATION, DISTRIBUTION, ETC.
Place of publication, distribution, etc. Stockholm
Name of publisher, distributor, etc. SIDA
Date of publication, distribution, etc. 2006
300 ## - PHYSICAL DESCRIPTION
Extent 246 pages : illustrations
350 ## -
-- 0.00
650 #0 - SUBJECT ADDED ENTRY--TOPICAL TERM
Topical term or geographic name entry element AIDS(DISEASE)--ECONOMIC ASPECTS--MALAWI
650 ## - SUBJECT ADDED ENTRY--TOPICAL TERM
Topical term or geographic name entry element UROLOGIC DISEASES
650 ## - SUBJECT ADDED ENTRY--TOPICAL TERM
Topical term or geographic name entry element AIDS(DISEASE)--MALAWI
650 ## - SUBJECT ADDED ENTRY--TOPICAL TERM
Topical term or geographic name entry element AIDS (DISEASE)--SOCIAL ASPECTS--MALAWI
995 ## -
-- MAIN LIBRARY OPEN ACCESS
-- 0.00
-- 742336
-- CBU-MAIN LIBRARY (Kitwe)
-- 1
-- 0.00
-- RA 644.A25 IMP
-- 1
-- AVAILABLE
-- Feb 21, 2011
-- 742336
-- Main Library Open Access Collection
995 ## -
-- MAIN LIBRARY OPEN ACCESS
-- 0.00
-- 742339
-- CBU-MAIN LIBRARY (Kitwe)
-- 1
-- 0.00
-- RA 644.A25 IMP
-- 4
-- AVAILABLE
-- Feb 21, 2011
-- 742339
-- Main Library Open Access Collection
995 ## -
-- MAIN LIBRARY OPEN ACCESS
-- 0.00
-- 742337
-- CBU-MAIN LIBRARY (Kitwe)
-- 1
-- 0.00
-- RA 644.A25 IMP
-- 2
-- AVAILABLE
-- Feb 21, 2011
-- 742337
-- Main Library Open Access Collection
995 ## -
-- MAIN LIBRARY OPEN ACCESS
-- 0.00
-- 742338
-- CBU-MAIN LIBRARY (Kitwe)
-- 1
-- 0.00
-- RA 644.A25 IMP
-- 3
-- AVAILABLE
-- Feb 21, 2011
-- 742338
-- Main Library Open Access Collection
999 ## -
-- 76420
-- 76420
Holdings
Withdrawn status Lost status Source of classification or shelving scheme Damaged status Not for loan Permanent Location Current Location Shelving location Date acquired Total Checkouts Full call number Barcode Date last seen Copy number Price effective from Koha item type
          CBU-MAIN LIBRARY, KITWE. CBU-MAIN LIBRARY, KITWE.   04/25/2023   RA 644.A25 Imp 742336 04/25/2023 1 04/25/2023 MONOGRAPH
          CBU-MAIN LIBRARY, KITWE. CBU-MAIN LIBRARY, KITWE.   04/25/2023   RA 644.A25 Imp 742339 04/25/2023 2 04/25/2023 MONOGRAPH
          CBU-MAIN LIBRARY, KITWE. CBU-MAIN LIBRARY, KITWE.   04/25/2023   RA 644.A25 Imp 742337 04/25/2023 3 04/25/2023 MONOGRAPH
          CBU-MAIN LIBRARY, KITWE. CBU-MAIN LIBRARY, KITWE.   04/25/2023   RA 644.A25 Imp 742338 04/25/2023 4 04/25/2023 MONOGRAPH